SANACE 2015 : sborník recenzovaných přednášek. XXV. mezinárodní sympozium, Brno, ČR, 13. - 15. 5. 2015
Enregistré dans:
| Collectivité auteur: | |
|---|---|
| Format: | Actes de congrès Livre |
| Langue: | tchèque slovaque |
| Publié: |
Brno :
Sdružení pro sanace betonových konstrukcí,
2015
|
| Tags: |
Pas de tags, Soyez le premier à ajouter un tag!
|
MARC
| LEADER | 00000nam a22000003a 4500 | ||
|---|---|---|---|
| 001 | 0004701 | ||
| 003 | SK-STU | ||
| 005 | 20220509084323.3 | ||
| 007 | ta | ||
| 008 | 150518s ----xo-----e------100-0-----d | ||
| 020 | |a 978-80-214-5193-3 | ||
| 040 | |a STU |b slo | ||
| 041 | 0 | |a cze |a slo | |
| 044 | |a xr | ||
| 111 | 2 | |a SANACE 2015 |n 25. |d 13. - 15. 5. 2015 |c Brno, Česká republika | |
| 245 | 1 | 0 | |a SANACE 2015 : |b sborník recenzovaných přednášek. XXV. mezinárodní sympozium, Brno, ČR, 13. - 15. 5. 2015 |
| 260 | |a Brno : |b Sdružení pro sanace betonových konstrukcí, |c 2015 | ||
| 300 | |a 280 s. |e CD-ROM | ||
| 996 | |c V* 2170/sc-15 |l VV1 |s P |a 0 |w 0004701_0001 | ||
| 996 | |c V* 2179/sc-15 |l VV1 |s P |a 0 |w 0004701_0002 | ||
| 996 | |c V* 2180/sc-15 |l VV1 |s P |a 0 |w 0004701_0003 | ||